Album - So Close to What??? (deluxe) by Tate McRae - Statistics

General Stats
  • This quiz has been taken 81 times
  • The average score is 19 of 21
Answer Stats
Songs % Correct
8 (ft. Flo Milli) bloodonmyhands
98%
2 ANYTHING BUT LOVE
97%
18 Greenlight
97%
1 TRYING ON SHOES
97%
4 HORSESHOE
95%
13 (ft. Kid Laroi) I know love
95%
16 No I'm not in love
95%
20 (bonus) Siren sounds
95%
6 Miss possessive
93%
3 NOBODY'S GIRL
93%
21 Nostalgia
93%
9 Dear god
91%
7 Revolving door
91%
12 Signs
91%
11 Sports car
91%
15 it's ok I'm ok
90%
19 2 hands
88%
5 TIT FOR TAT
88%
14 Like I do
86%
17 Means I care
84%
10 Purple lace bra
83%
No matching quizzes found
Score Distribution
Percent of People with Each Score
Percentile by Number Answered
Your Score History
You have not taken this quiz